Ohio College Towns - Statistics

General Stats
  • This quiz has been taken 48 times
  • The average score is 12 of 15
Answer Stats
Hint Answer % Correct
Ohio State University Columbus
100%
University of Akron Akron
98%
University of Dayton Dayton
98%
Youngstown State University Youngstown
98%
University of Toledo Toledo
93%
Xavier University Cincinnati
91%
University of Findlay Findlay
88%
Kent State University Kent
88%
Ashland University Ashland
81%
Case Western Reserve University Cleveland
81%
Bowling Green State University Bowling Green
79%
Ohio University Athens
77%
Miami University Oxford
72%
John Carroll University University Heights
23%
Wright State University Fairborn
16%
No matching quizzes found
Score Distribution
Percent of People with Each Score
Percentile by Number Answered
Your Score History
You have not taken this quiz